00687nam a22001937a 4500008004000000020001500040050002300055050002100078100002800099245007200127250001200199260003100211300002200242440004100264504004300305650004200348650005600390650004700446131004t mx||||| |||| 00| 0 spa d a968496057304aLC92 .M2bC35 198904aLB1727bC35 19891 aCalvo Pontón, Beatriz10aEducación normal y control político /cBeatriz Calvo Pontón.  a1a. ed. aMéxico : bCIESAS,c1989 a264 p. ; c21 cm. 0aEdiciones de la Casa Chata ;nNo. 31 aBiblipgrafía: p. 261-264 e índice  72LEMBaEducación y EstadozMéxico  72LEMBaMaestrosxFormación profesional zMéxico  72LEMBaPolítica y educación zMéxico